00378cam a2200157ua 45000010005000000080039000050400009000440410008000530820008000611000029000692450034000982500009001322600042001413000017001836530020002005406150213n ii |||gr||||Z||||||eng cMAIN aeng a823 aOrwell, George,eAuthor, aAnimal farmcby George Orwell a1st. aLudhiana:bKalyani Publishers,c1997. a136p:c15cm. aEnglish fiction